Responses for show #6604 - Thursday, May 9, 2013

2013 College Championship quarterfinal game 4.

Contestants

Jack Houston, a sophomore at Azusa Pacific University from Lakeside, California

Bill Driscoll, a senior at Stanford University from Carolina Beach, North Carolina

Cindy Cammarn, a junior at Bowdoin College from Charlotte, North Carolina

Jeopardy! Round responses

IT'S MAY
ENDS IN "X"
FAST FOOD, FAST
WHATEVER
CLASSIC NOVELS
SOCCER, THE BEAUTIFUL GAME
    $200 14
the Hindenburg

Bill
    $200 16
suffix

Bill
    $200 21
Taco Bell

Cindy
    $200 24
John Kerry

Cindy
    $200 1
Treasure Island

Jack
    $200 8
association

Triple Stumper
    $400 19
The Marriage of Figaro

Cindy
    $400 20
reflex

Cindy
    $400 22
Del Taco

Jack
    $400 25
Ben Affleck

Triple Stumper
    $400 2
Dorian Gray

Bill
    $400 9
offside

Jack
    $600 17
(John) Brown

Jack
    $600 4
jukebox

Bill
    $600 23
(Jack: What is Five Guys?)

Wendy's

Jack
Triple Stumper
    $600 26
Mini Cooper

Bill
    $600 7
The Great Gatsby

Cindy
    $600 10
outfield

Jack
    $800 13
smallpox

Cindy
    $800 3
the Bronx

Jack
    $800 29
Wienerschnitzel

Jack
    $800 27
steam

Jack
    $800 5
My √Āntonia

Cindy
    $800 11
(Alex: The same as in basketball, [*]. Or in hockey, too.)

give and go

Triple Stumper
    $1000 18
Ethan Allen

Jack
    $1000 15
paradox

Cindy
    $1000 30
(Jack: What is Long John Silver's?)

Burger King

Jack
Triple Stumper
    $1000 28
(Cindy: What are memories?)

footprints

Cindy
Triple Stumper
    $1,000 6
Ulysses

Cindy
    $1000 12
FIFA

Bill

Scores at the first commercial break (after clue 15):

Cindy Bill Jack
$4,200 $2,200 $2,000

Scores at the end of the Jeopardy! Round:

Cindy Bill Jack
$4,400 $3,000 $4,000

Double Jeopardy! Round responses

YOU'RE CRAZY, ME DRIVING?
TV SHOWS BY CHARACTERS
WE HAVE A NEW STATE CAPITAL
RHYME THIS!
(Alex: Each correct response will rhyme with "this".)
COMPOSERS & THEIR MUSIC
THE ABEL PRIZE
    $400 21
road rage

Bill
    $400 11
South Park

Cindy
    $400 8
Montgomery

Bill
    $400 25
hiss

Bill
    $400 10
Andrew Lloyd Webber

Cindy
    $400 13
Oslo

Bill
    $800 22
high beams

Cindy
    $800 12
How I Met Your Mother

Bill
    $800 7
(Cindy: What is...?)

Richmond

CindyBill
    $800 26
diss

Cindy
    $800 9
Moonlight Sonata

Cindy
    $800 14
geometry

Jack
    $1200 23
clutch

Jack
    $1200 18
Revenge

Cindy
    $2,000 5
(Bill: What is Montpelier?)

Charleston

Bill
    $1200 27
remiss

Bill
    $1200 2
(Bill: Who is Rossini?)

Richard Wagner

Bill
Triple Stumper
    $1200 15
algebra

Bill
    $1600 24
(Jack: What is the filter...the oil filter?)
...
(Alex: What is the [*], bottom of the gas tank.)

fuel filter

Jack
Triple Stumper
    $1600 19
Community

Cindy
    $1600 4
Dover

Triple Stumper
    $1600 28
bris

Cindy
    $1600 1
(Bill: What is the clavier?)
(Jack: What is the harpsichord?)
...
(Alex: Bach very famous for playing the [*].)

organ

BillJack
Triple Stumper
    $1600 16
equations

Jack
    $2000 30
self-driving car

Bill
    $2000 20
Law & Order: SVU

Cindy
    $2000 6
Augusta

Bill
    $2000 29
Swiss steak

Triple Stumper
    $1,000 3
Rite of Spring

Bill
    $2000 17
Fermat

Cindy

Scores at the end of the Double Jeopardy! Round:

Cindy Bill Jack
$15,200 $8,800 $4,400

Final Jeopardy! Round responses

THE CONTINENTS
JackWhat is Africa?
$4,000
BillWhat is Europe?
$8,799
CindyWhat is Europe?
$2,500
Africa

Final scores:

Cindy Bill Jack
$12,700 $1 $8,400
Automatic semifinalist 3rd place: $5,000 if eliminated 2nd place: $5,000 if eliminated

Game dynamics:

Coryat scores:

Cindy Bill Jack
$15,200 $11,800 $4,400
19 R
(including 1 DD),
2 W
17 R
(including 1 DD),
3 W
(including 1 DD)
12 R,
4 W

Combined Coryat: $31,400

The J! Archive is created by fans, for fans. The Jeopardy! game show and all elements thereof, including but not limited to copyright and trademark thereto, are the property of Jeopardy Productions, Inc. and are protected under law. This website is not affiliated with, sponsored by, or operated by Jeopardy Productions, Inc. Join the discussion at JBoard.tv.